COSPAR space research (Record no. 5730)

MARC details
000 -LEADER
fixed length control field 00494nam a2200181Ia 4500
003 - CONTROL NUMBER IDENTIFIER
control field IN-BaIIA
008 - FIXED-LENGTH DATA ELEMENTS--GENERAL INFORMATION
fixed length control field 211028s9999 xx 000 0 eng d
020 ## - INTERNATIONAL STANDARD BOOK NUMBER
International Standard Book Number 0-08-021636-6
040 ## - CATALOGING SOURCE
Transcribing agency IIA Library
080 ## - UNIVERSAL DECIMAL CLASSIFICATION NUMBER
Universal Decimal Classification number 629.19(047.1)
Item number COS-XVII
245 #0 - TITLE STATEMENT
Title COSPAR space research
Remainder of title vol. XVII
Statement of responsibility, etc. edited by M. J. Rycroft
260 ## - PUBLICATION, DISTRIBUTION, ETC.
Place of publication, distribution, etc. Oxford
Name of publisher, distributor, etc. Pergamon Press
Date of publication, distribution, etc. 1977
300 ## - PHYSICAL DESCRIPTION
Extent xix, 860p.
650 ## - SUBJECT ADDED ENTRY--TOPICAL TERM
Topical term or geographic name entry element NASA Thesaurus
650 ## - SUBJECT ADDED ENTRY--TOPICAL TERM
Topical term or geographic name entry element Space Sciences
9 (RLIN) 4479
700 ## - ADDED ENTRY--PERSONAL NAME
Personal name Rycroft, M. J., ed.
942 ## - ADDED ENTRY ELEMENTS (KOHA)
Koha item type Books
952 ## - LOCATION AND ITEM INFORMATION (KOHA)
-- 125
Holdings
Withdrawn status Lost status Damaged status Not for loan Home library Current library Shelving location Date acquired Total Checkouts Full call number Barcode Date last seen Price effective from Koha item type
        IIA Library-Bangalore IIA Library-Kodaikanal General Stacks 16/03/1978   629.19(047.1)/ COS-XVII 6406 05/11/2021 16/03/1978 Books

Powered by Koha